[Event "SE-2014-0-00160"]
[Site "LSS email"]
[Date "2014.03.03"]
[Round "?"]
[White "Dzulynski, Marek"]
[Black "Schalkwijk, Peter"]
[Result "0-1"]
[WhiteElo "1596"]
[BlackElo "1415"]
[PlyCount "58"]
[EventDate "2014.01.19"]
[EventType "tourn (corr)"]
[EventRounds "6"]
[EventCountry "GER"]
[SourceTitle "Corr 2022"]
[Source "ChessBase"]
[SourceDate "2021.10.24"]
[SourceVersion "1"]
[SourceVersionDate "2021.10.24"]
[SourceQuality "1"]

1. d4 Nf6 2. Nc3 d6 3. e4 g6 4. Nf3 Bg7 5. Be2 0-0 6. 0-0 Bg4 7. h3 Bxf3 8. Bxf3 Nbd7 9. Be3 e5 10. d5 Ne8 11. Qd2 f5 12. Qe2 Nef6 13. exf5 gxf5 14. Qb5 Nb6 15. a4 a5 16. g3 e4 17. Be2 Nfd7 18. f3 Be5 19. fxe4 Bxg3 20. Rxf5 Rxf5 21. exf5 Qh4 22. Bf1 Kh8 23. Bg2 Rg8 24. Qe2 Be5 25. Kf1 Nc4 26. Bc1 Bd4 27. Nb5 Bb6 28. b3 Rf8 29. Be4 Re8 0-1

[Event "SE-2014-0-00160"]
[Site "LSS email"]
[Date "2014.03.02"]
[Round "?"]
[White "Goreczny, Grzegorz"]
[Black "Dzulynski, Marek"]
[Result "1-0"]
[WhiteElo "1621"]
[BlackElo "1596"]
[PlyCount "41"]
[EventDate "2014.01.19"]
[EventType "tourn (corr)"]
[EventRounds "6"]
[EventCountry "GER"]
[SourceTitle "Corr 2022"]
[Source "ChessBase"]
[SourceDate "2021.10.24"]
[SourceVersion "1"]
[SourceVersionDate "2021.10.24"]
[SourceQuality "1"]

1. d4 Nf6 2. c4 d5 3. Nf3 dxc4 4. e3 b5 5. a4 c6 6. axb5 cxb5 7. b3 Be6 8. bxc4 Bxc4 9. Bxc4 bxc4 10. Qa4+ Nbd7 11. 0-0 e6 12. Ne5 Nd5 13. Nxc4 Qc7 14. e4 Rc8 15. exd5 Qxc4 16. Qxc4 Rxc4 17. Rxa7 exd5 18. Na3 Rc6 19. Nb5 Kd8 20. Bd2 Rc2 21. Ba5+ 1-0

[Event "SE-2014-0-00158"]
[Site "LSS email"]
[Date "2014.02.10"]
[Round "?"]
[White "Dzulynski, Marek"]
[Black "Zabransky, Frantisek"]
[Result "0-1"]
[WhiteElo "1605"]
[BlackElo "1607"]
[PlyCount "74"]
[EventDate "2014.01.05"]
[EventType "tourn (corr)"]
[EventRounds "6"]
[EventCountry "GER"]
[SourceTitle "Corr 2022"]
[Source "ChessBase"]
[SourceDate "2021.10.24"]
[SourceVersion "1"]
[SourceVersionDate "2021.10.24"]
[SourceQuality "1"]

1. d4 Nf6 2. Nc3 d5 3. Bf4 a6 4. e3 e6 5. Bd3 c5 6. dxc5 Bxc5 7. Nf3 0-0 8. 0-0 Nc6 9. a3 Bd6 10. Bxd6 Qxd6 11. Nd4 Re8 12. Nxc6 bxc6 13. f3 e5 14. Qd2 Rb8 15. b3 c5 16. Bc4 d4 17. exd4 cxd4 18. Bd3 Kh8 19. Ne4 Nxe4 20. fxe4 Be6 21. Qa5 Rb6 22. h3 f6 23. Rf3 Rc8 24. g4 Rc3 25. Rd1 h6 26. a4 Rbc6 27. Re1 Rxc2 28. Bxc2 Rxc2 29. Rd1 Rb2 30. Rdd3 Rb1+ 31. Rf1 Rxf1+ 32. Kxf1 Qc6 33. Qd2 Qxe4 34. Kf2 Bd5 35. Qe2 Qh1 36. a5 Bc6 37. Rf3 e4 0-1

[Event "SE-2014-0-00158"]
[Site "LSS email"]
[Date "2014.02.10"]
[Round "?"]
[White "Razo, Ryan Jose"]
[Black "Dzulynski, Marek"]
[Result "1-0"]
[WhiteElo "1457"]
[BlackElo "1605"]
[PlyCount "21"]
[EventDate "2014.01.05"]
[EventType "tourn (corr)"]
[EventRounds "6"]
[EventCountry "GER"]
[SourceTitle "Corr 2022"]
[Source "ChessBase"]
[SourceDate "2021.10.24"]
[SourceVersion "1"]
[SourceVersionDate "2021.10.24"]
[SourceQuality "1"]

1. Nf3 d5 2. c4 Nf6 3. b3 Nc6 4. Bb2 Bf5 5. g3 d4 6. d3 e5 7. Bg2 Bb4+ 8. Nbd2 a5 9. a3 Bc5 10. 0-0 0-0 11. Ng5 1-0

[Event "SE-2014-0-00158"]
[Site "LSS email"]
[Date "2014.02.10"]
[Round "?"]
[White "Stringa, Alejandro"]
[Black "Dzulynski, Marek"]
[Result "1-0"]
[WhiteElo "1433"]
[BlackElo "1605"]
[PlyCount "31"]
[EventDate "2014.01.05"]
[EventType "tourn (corr)"]
[EventRounds "6"]
[EventCountry "GER"]
[SourceTitle "Corr 2022"]
[Source "ChessBase"]
[SourceDate "2021.10.24"]
[SourceVersion "1"]
[SourceVersionDate "2021.10.24"]
[SourceQuality "1"]

1. d4 Nf6 2. c4 d5 3. Nc3 dxc4 4. e4 e5 5. d5 c6 6. Bxc4 b5 7. Bb3 b4 8. Nce2 Nxe4 9. Nf3 Qb6 10. Be3 Bc5 11. Bxc5 Qxc5 12. 0-0 Ba6 13. dxc6 0-0 14. Rc1 Qb5 15. c7 Nc6 16. Bc4 1-0

[Event "SD-2013-0-00182"]
[Site "LSS email"]
[Date "2013.12.22"]
[Round "?"]
[White "Dzulynski, Marek"]
[Black "Nowak, Adam"]
[Result "0-1"]
[WhiteElo "1282"]
[BlackElo "1852"]
[PlyCount "66"]
[EventDate "2013.10.14"]
[EventType "tourn (corr)"]
[EventRounds "6"]
[EventCountry "GER"]
[SourceTitle "Corr 2015"]
[Source "ChessBase"]
[SourceDate "2015.07.17"]
[SourceVersion "1"]
[SourceVersionDate "2015.07.17"]
[SourceQuality "1"]

1. Nf3 d5 2. g3 Nf6 3. Bg2 c5 4. 0-0 Nc6 5. d4 cxd4 6. Nxd4 e5 7. Nxc6 bxc6 8. c4 Rb8 9. Nc3 d4 10. Bxc6+ Bd7 11. Bxd7+ Qxd7 12. Na4 Be7 13. Bg5 0-0 14. Rc1 Rfe8 15. c5 Rbc8 16. Qc2 e4 17. c6 Qh3 18. Bxf6 Bxf6 19. b4 Bg5 20. e3 Re6 21. exd4 Bxc1 22. Rxc1 Rh6 23. f4 exf3 24. d5 Rh5 25. Nc3 Re5 26. Qf2 Rce8 27. Rf1 Re3 28. d6 Rxc3 29. d7 Rd8 30. b5 h5 31. Re1 Qf5 32. a4 a6 33. h4 axb5 0-1

[Event "SD-2013-0-00181"]
[Site "LSS email"]
[Date "2013.12.15"]
[Round "?"]
[White "Dlugolecki, Grzegorz"]
[Black "Dzulynski, Marek"]
[Result "1-0"]
[WhiteElo "1697"]
[BlackElo "1638"]
[PlyCount "49"]
[EventDate "2013.10.03"]
[EventType "tourn (corr)"]
[EventRounds "6"]
[EventCountry "GER"]
[SourceTitle "Corr 2022"]
[Source "ChessBase"]
[SourceDate "2021.10.24"]
[SourceVersion "1"]
[SourceVersionDate "2021.10.24"]
[SourceQuality "1"]

1. d4 Nf6 2. c4 g6 3. Nc3 Bg7 4. e4 d6 5. Nf3 0-0 6. Be2 e5 7. 0-0 Nc6 8. d5 Ne7 9. b4 Nh5 10. c5 Nf4 11. Bxf4 exf4 12. Rc1 a5 13. cxd6 cxd6 14. bxa5 Rxa5 15. Qd2 b6 16. Qxf4 f5 17. Rfe1 fxe4 18. Qxe4 Bf5 19. Qb4 Bxc3 20. Qxc3 Nxd5 21. Bc4 Bc8 22. Rcd1 Bb7 23. Qb3 Qa8 24. Re7 Rf5 25. Qb2 1-0

[Event "SD-2013-0-00182"]
[Site "LSS email"]
[Date "2013.12.15"]
[Round "?"]
[White "Dzulynski, Marek"]
[Black "Metz, Larry R"]
[Result "1/2-1/2"]
[WhiteElo "1282"]
[BlackElo "1400"]
[PlyCount "56"]
[EventDate "2013.10.14"]
[EventType "tourn (corr)"]
[EventRounds "6"]
[EventCountry "GER"]
[SourceTitle "Corr 2015"]
[Source "ChessBase"]
[SourceDate "2015.07.17"]
[SourceVersion "1"]
[SourceVersionDate "2015.07.17"]
[SourceQuality "1"]

1. c4 e5 2. Nc3 Nf6 3. Nf3 Nc6 4. g3 d5 5. cxd5 Nxd5 6. Bg2 Nxc3 7. bxc3 e4 8. Ng1 Bf5 9. Qa4 Qd7 10. Bxe4 Be7 11. Nf3 0-0 12. 0-0 Rfe8 13. Rb1 Bxe4 14. Qxe4 Bf6 15. Qd3 Qc8 16. Qc4 Na5 17. Qb5 b6 18. d4 Qe6 19. Qa4 Qd5 20. Rb5 Qe4 21. Rb2 Qd5 22. Rb5 Qe4 23. Be3 c5 24. Rd1 Rac8 25. Rd3 cxd4 26. cxd4 h6 27. Rb1 Red8 28. Rb2 Qe6 1/2-1/2

[Event "SD-2013-0-00181"]
[Site "LSS email"]
[Date "2013.11.29"]
[Round "?"]
[White "Dzulynski, Marek"]
[Black "Salazar Moran, Alejandro Fortunato"]
[Result "1-0"]
[WhiteElo "1638"]
[BlackElo "1562"]
[PlyCount "65"]
[EventDate "2013.10.03"]
[EventType "tourn (corr)"]
[EventRounds "6"]
[EventCountry "GER"]
[SourceTitle "Corr 2022"]
[Source "ChessBase"]
[SourceDate "2021.10.24"]
[SourceVersion "1"]
[SourceVersionDate "2021.10.24"]
[SourceQuality "1"]

1. d4 Nf6 2. Nf3 d5 3. c4 e6 4. Nc3 c6 5. e3 Be7 6. Bd3 dxc4 7. Bxc4 b5 8. Bd3 Bb7 9. 0-0 a6 10. e4 Nbd7 11. e5 Nd5 12. Nxd5 cxd5 13. Bd2 0-0 14. a3 f6 15. exf6 Nxf6 16. Ng5 Qd7 17. Qe2 Ne4 18. Nxe4 dxe4 19. Bxe4 Bxe4 20. Qxe4 Bf6 21. Bc3 Qd5 22. Rfe1 Qxe4 23. Rxe4 Kf7 24. Rae1 Rfe8 25. g4 Rad8 26. Kg2 Rd6 27. f4 g6 28. g5 Bg7 29. Rd1 Rc6 30. d5 exd5 31. Rxe8 Bxc3 32. Re2 Ba5 33. Rxd5 1-0

[Event "SD-2013-0-00181"]
[Site "LSS email"]
[Date "2013.11.25"]
[Round "?"]
[White "Dzulynski, Marek"]
[Black "Metz, Larry R"]
[Result "0-1"]
[WhiteElo "1638"]
[BlackElo "1568"]
[PlyCount "56"]
[EventDate "2013.10.03"]
[EventType "tourn (corr)"]
[EventRounds "6"]
[EventCountry "GER"]
[SourceTitle "Corr 2022"]
[Source "ChessBase"]
[SourceDate "2021.10.24"]
[SourceVersion "1"]
[SourceVersionDate "2021.10.24"]
[SourceQuality "1"]

1. Nf3 d5 2. g3 Nf6 3. Bg2 c5 4. 0-0 Nc6 5. d4 e6 6. c4 Be7 7. dxc5 Bxc5 8. a3 0-0 9. b4 Be7 10. Bb2 dxc4 11. Qc2 Bd7 12. Qxc4 Rc8 13. Qd3 Nb8 14. Ne5 Bc6 15. Nxc6 Nxc6 16. Nc3 Qxd3 17. exd3 Rfd8 18. Rfd1 Nd4 19. Rac1 Rd7 20. Re1 Nb3 21. Rc2 a5 22. bxa5 Bd8 23. a6 bxa6 24. g4 Nd4 25. Rcc1 Nb3 26. Rc2 Ba5 27. Re3 Rdc7 28. g5 Ne8 0-1

[Event "SD-2013-0-00179"]
[Site "LSS email"]
[Date "2013.10.27"]
[Round "?"]
[White "Dzulynski, Marek"]
[Black "Dlugolecki, Grzegorz"]
[Result "1/2-1/2"]
[WhiteElo "1281"]
[BlackElo "1522"]
[PlyCount "44"]
[EventDate "2013.09.11"]
[EventType "tourn (corr)"]
[EventRounds "6"]
[EventCountry "GER"]
[SourceTitle "Telechess CBM 167"]
[Source "ChessBase"]
[SourceDate "2015.07.13"]
[SourceVersion "1"]
[SourceVersionDate "2015.07.13"]
[SourceQuality "1"]

1. d4 d5 2. c4 dxc4 3. e4 e5 4. Nf3 exd4 5. Bxc4 Bb4+ 6. Nbd2 Qf6 7. 0-0 Bxd2 8. Qxd2 Nc6 9. Bb5 Nge7 10. Nxd4 Bd7 11. Bxc6 Bxc6 12. Qc3 Rd8 13. Nxc6 Qxc3 14. bxc3 Nxc6 15. Bf4 Kd7 16. Rab1 Kc8 17. Rfd1 f6 18. f3 Rxd1+ 19. Rxd1 b6 20. Kf2 Rd8 21. Rxd8+ Kxd8 22. g4 Kd7 1/2-1/2

[Event "SD-2013-0-00179"]
[Site "LSS email"]
[Date "2013.10.27"]
[Round "?"]
[White "Dzulynski, Marek"]
[Black "Kraujunas, Vladas"]
[Result "0-1"]
[WhiteElo "1281"]
[BlackElo "1610"]
[PlyCount "102"]
[EventDate "2013.09.11"]
[EventType "tourn (corr)"]
[EventRounds "6"]
[EventCountry "GER"]
[SourceTitle "Telechess CBM 167"]
[Source "ChessBase"]
[SourceDate "2015.07.13"]
[SourceVersion "1"]
[SourceVersionDate "2015.07.13"]
[SourceQuality "1"]

1. Nf3 Nf6 2. c4 d6 3. d4 g6 4. g3 Bg7 5. Bg2 0-0 6. 0-0 Nc6 7. Nc3 a6 8. Re1 Rb8 9. Rb1 Re8 10. h3 e5 11. dxe5 dxe5 12. e4 Nd4 13. Qd3 b5 14. cxb5 axb5 15. Nxd4 exd4 16. Nxb5 Ba6 17. a4 c6 18. e5 cxb5 19. Bg5 Qb6 20. exf6 Rxe1+ 21. Rxe1 bxa4 22. Qd1 Bxf6 23. Bf4 Rd8 24. Qxa4 Bb5 25. Qb4 d3 26. Be3 Qa6 27. b3 Bc6 28. Bd2 Bxg2 29. Kxg2 Kg7 30. Re4 Rc8 31. Re3 Rc2 32. Kh2 Qc8 33. Rf3 Qd8 34. Qf4 g5 35. Qe3 Qd5 36. Kg2 h6 37. g4 Be5 38. Qe1 Kg8 39. b4 Bf4 40. Bxf4 gxf4 41. Qd1 d2 42. Qxc2 d1Q 43. Qxd1 Qxd1 44. Rxf4 Qd5+ 45. Kg3 Kg7 46. Rf3 h5 47. Rf4 Qe5 48. gxh5 f5 49. h4 Kh6 50. Kf3 Kxh5 51. Kg3 Kg6 0-1

[Event "SD-2013-0-00179"]
[Site "LSS email"]
[Date "2013.10.27"]
[Round "?"]
[White "Endean, Andrew"]
[Black "Dzulynski, Marek"]
[Result "1-0"]
[WhiteElo "1578"]
[BlackElo "1281"]
[PlyCount "77"]
[EventDate "2013.09.11"]
[EventType "tourn (corr)"]
[EventRounds "6"]
[EventCountry "GER"]
[SourceTitle "Telechess CBM 167"]
[Source "ChessBase"]
[SourceDate "2015.07.13"]
[SourceVersion "1"]
[SourceVersionDate "2015.07.13"]
[SourceQuality "1"]

1. d4 Nf6 2. c4 b6 3. Nf3 e6 4. g3 Ba6 5. b3 d5 6. Bg2 Bb4+ 7. Bd2 Be7 8. cxd5 exd5 9. Nc3 0-0 10. 0-0 Bb7 11. Rc1 Nbd7 12. Qc2 Re8 13. Rfe1 Nf8 14. Ne5 N8d7 15. Nb5 c5 16. Nc4 Ba6 17. Ncd6 Bxd6 18. Nxd6 Rxe2 19. Rxe2 Bxe2 20. Bg5 Qf8 21. dxc5 bxc5 22. Nb7 Qe7 23. Re1 Re8 24. Bxd5 Qe5 25. Bc4 Qxg5 26. Rxe2 Qh5 27. Rxe8+ Nxe8 28. Qd3 Nef6 29. f4 Qg6 30. Qxg6 hxg6 31. Nd6 Kh7 32. Nxf7 Ne4 33. Ne5 Nf8 34. Nc6 Nd6 35. Nxa7 Nxc4 36. bxc4 Ne6 37. a4 g5 38. Nb5 gxf4 39. a5 1-0

[Event "LSS No Engine Cup 81 Final"]
[Site "LSS email"]
[Date "2013.08.28"]
[Round "?"]
[White "Dzulynski, Marek"]
[Black "Perez, Giorgio"]
[Result "1-0"]
[WhiteElo "1426"]
[BlackElo "1589"]
[PlyCount "43"]
[EventDate "2013.08.29"]
[EventType "tourn (corr)"]
[EventRounds "6"]
[EventCountry "GER"]
[SourceTitle "Telechess CBM 163"]
[Source "ChessBase"]
[SourceDate "2014.11.11"]
[SourceVersion "2"]
[SourceVersionDate "2014.11.11"]
[SourceQuality "1"]

1. d4 d5 2. Nf3 e6 3. c4 Nf6 4. Bf4 dxc4 5. a3 a6 6. e3 b5 7. Nc3 Bd6 8. Be2 Bxf4 9. exf4 Nc6 10. 0-0 0-0 11. Qd2 Bb7 12. Rad1 Na5 13. Ne5 Nb3 14. Qe3 Nd5 15. Nxd5 Bxd5 16. Rfe1 Rc8 17. Bg4 c5 18. dxc5 Nxc5 19. f5 exf5 20. Bxf5 Rc7 21. Qd2 Qg5 22. Qxg5 1-0

[Event "LSS No Engine Cup 90 Preliminary 3"]
[Site "LSS email"]
[Date "2013.07.01"]
[Round "?"]
[White "Dzulynski, Marek"]
[Black "Fridich, Vaclav Sr"]
[Result "1-0"]
[WhiteElo "1426"]
[BlackElo "956"]
[PlyCount "69"]
[EventDate "2013.07.02"]
[EventType "tourn (corr)"]
[EventRounds "6"]
[EventCountry "GER"]
[SourceTitle "Telechess CBM 163"]
[Source "ChessBase"]
[SourceDate "2014.11.11"]
[SourceVersion "2"]
[SourceVersionDate "2014.11.11"]
[SourceQuality "1"]

1. d4 Nf6 2. Nf3 c5 3. d5 d6 4. Nc3 g6 5. e4 Bg7 6. Bb5+ Bd7 7. a4 a6 8. Be2 b6 9. e5 Ng4 10. e6 fxe6 11. Ng5 Nf6 12. dxe6 Bc6 13. Nf7 Qc8 14. Nxh8 Bxh8 15. 0-0 Qxe6 16. a5 b5 17. Re1 Qf7 18. Bf3 Kd7 19. Bf4 b4 20. Na4 Ra7 21. Nxc5+ Kc8 22. Bxc6 Nxc6 23. Ne6 Nh5 24. Be3 Rb7 25. Bb6 Bf6 26. Qd5 Qe8 27. Qc4 Bxb2 28. Rab1 Bc3 29. Re3 Qd7 30. Qxa6 Nb8 31. Qc4+ Qc6 32. Nc5 Nf6 33. Qe6+ Nbd7 34. Nxb7 Kxb7 35. Bd8 1-0

[Event "LSS No Engine Cup 90 Preliminary 3"]
[Site "LSS email"]
[Date "2013.07.01"]
[Round "?"]
[White "Dzulynski, Marek"]
[Black "Whiteside, Robert"]
[Result "1/2-1/2"]
[WhiteElo "1426"]
[BlackElo "1307"]
[PlyCount "119"]
[EventDate "2013.07.02"]
[EventType "tourn (corr)"]
[EventRounds "6"]
[EventCountry "GER"]
[SourceTitle "Telechess CBM 163"]
[Source "ChessBase"]
[SourceDate "2014.11.11"]
[SourceVersion "2"]
[SourceVersionDate "2014.11.11"]
[SourceQuality "1"]

1. d4 d5 2. c4 c6 3. Nf3 Nf6 4. Nc3 e6 5. e3 Nbd7 6. Qc2 Bd6 7. Bd3 dxc4 8. Bxc4 0-0 9. 0-0 a6 10. Rd1 b5 11. Bd3 Bb7 12. Ng5 h6 13. Nge4 Nxe4 14. Nxe4 Nf6 15. Nxd6 Qxd6 16. Bd2 Ng4 17. f4 Rfd8 18. Bh7+ Kh8 19. Be4 Rac8 20. Bf3 Nf6 21. Rac1 Nd5 22. Qc5 Qd7 23. e4 Nf6 24. Ba5 Re8 25. Bb4 Qc7 26. Bd2 Nd7 27. Qh5 Nf6 28. Qe5 c5 29. Qxc7 Rxc7 30. Ba5 Rcc8 31. dxc5 Nxe4 32. Rd7 Bd5 33. Bxe4 Bxe4 34. Rxf7 e5 35. Bd2 Bd5 36. Rf5 Bxa2 37. Rxe5 Rxe5 38. fxe5 Bc4 39. b4 Rc6 40. Kf2 Kg8 41. Be3 Re6 42. Bd4 Kf7 43. Ke3 Bd5 44. Rf1+ Ke8 45. g4 Re7 46. Ra1 Bb7 47. Rc1 Kd7 48. h4 Kc6 49. g5 h5 50. Ba1 Bc8 51. Rd1 Rd7 52. Rf1 Re7 53. Bd4 Kd5 54. Kd3 Be6 55. Rf4 Rf7 56. Rxf7 Bxf7 57. e6 Bxe6 58. Bxg7 Bf7 59. Ke3 Be8 60. Bf8 1/2-1/2

[Event "LSS No Engine Cup 90 Preliminary 3"]
[Site "LSS email"]
[Date "2013.07.01"]
[Round "?"]
[White "Wakeham, Marc R"]
[Black "Dzulynski, Marek"]
[Result "0-1"]
[WhiteElo "709"]
[BlackElo "1426"]
[PlyCount "66"]
[EventDate "2013.07.02"]
[EventType "tourn (corr)"]
[EventRounds "6"]
[EventCountry "GER"]
[SourceTitle "Telechess CBM 163"]
[Source "ChessBase"]
[SourceDate "2014.11.11"]
[SourceVersion "2"]
[SourceVersionDate "2014.11.11"]
[SourceQuality "1"]

1. e4 Nc6 2. Nf3 d5 3. exd5 Qxd5 4. Nc3 Qa5 5. Bc4 Bg4 6. h3 Bh5 7. 0-0 0-0-0 8. Re1 e6 9. Be2 Bxf3 10. Bxf3 Nd4 11. d3 Nf6 12. Bd2 Qf5 13. Be4 Nxe4 14. Nxe4 Kb8 15. Ng3 Qg6 16. Be3 Be7 17. c3 Nc6 18. d4 Bh4 19. Bf4 Qf6 20. Qd2 e5 21. dxe5 Nxe5 22. Qe2 Nd3 23. Bxc7+ Kxc7 24. Rf1 Rhe8 25. Qg4 Qf4 26. Qxf4+ Nxf4 27. b4 Rd2 28. a4 Ne2+ 29. Nxe2 Rexe2 30. c4 Bxf2+ 31. Rxf2 Rxf2 32. c5 Rxg2+ 33. Kf1 Rdf2+ 0-1

[Event "LSS No Engine Cup 89 Preliminary 7"]
[Site "LSS email"]
[Date "2013.06.14"]
[Round "?"]
[White "Dzulynski, Marek"]
[Black "Herzog, Klaus"]
[Result "0-1"]
[WhiteElo "1426"]
[BlackElo "1784"]
[PlyCount "82"]
[EventDate "2013.06.15"]
[EventType "tourn (corr)"]
[EventRounds "6"]
[EventCountry "GER"]
[SourceTitle "Telechess CBM 163"]
[Source "ChessBase"]
[SourceDate "2014.11.11"]
[SourceVersion "2"]
[SourceVersionDate "2014.11.11"]
[SourceQuality "1"]

1. d4 Nf6 2. Nf3 g6 3. Bg5 Bg7 4. c3 d6 5. Nbd2 0-0 6. e4 c5 7. dxc5 dxc5 8. Be2 Qc7 9. 0-0 h6 10. Bh4 Nh5 11. Nb3 b6 12. Nfd2 Nf4 13. Bc4 Nc6 14. Bg3 Rd8 15. Qf3 g5 16. Kh1 Be5 17. Rad1 Kg7 18. Bb5 Bb7 19. Bc4 Rd7 20. Nb1 Rad8 21. Kg1 Bd6 22. Qe3 a6 23. N3d2 b5 24. Bb3 c4 25. Bc2 Nd3 26. b3 Nce5 27. bxc4 Nb2 28. Rc1 Nbxc4 29. Nxc4 Nxc4 30. Bxd6 Rxd6 31. Qe2 Nb2 32. e5 Re6 33. f4 Qc5+ 34. Rf2 gxf4 35. Qg4+ Rg6 36. Bxg6 fxg6 37. Qxf4 Nd1 38. h4 Nxf2 39. Qxf2 Rd5 40. Re1 Qxf2+ 41. Kxf2 Kf7 0-1

[Event "LSS No Engine Cup 89 Preliminary 7"]
[Site "LSS email"]
[Date "2013.06.14"]
[Round "?"]
[White "Dzulynski, Marek"]
[Black "Huseby, Juan Carlos"]
[Result "1-0"]
[WhiteElo "1426"]
[BlackElo "532"]
[PlyCount "53"]
[EventDate "2013.06.15"]
[EventType "tourn (corr)"]
[EventRounds "6"]
[EventCountry "GER"]
[SourceTitle "Telechess CBM 163"]
[Source "ChessBase"]
[SourceDate "2014.11.11"]
[SourceVersion "2"]
[SourceVersionDate "2014.11.11"]
[SourceQuality "1"]

1. c4 e5 2. Nc3 Nf6 3. Nf3 e4 4. Ng5 Qe7 5. Qc2 Nc6 6. Ngxe4 Nd4 7. Nxf6+ gxf6 8. Qd3 Qc5 9. Nd5 f5 10. b4 Qd6 11. Qxd4 c6 12. Qxh8 Qg6 13. Nc7+ Ke7 14. Qe5+ Kd8 15. Nxa8 d6 16. Qa5+ b6 17. Qxa7 Bd7 18. Nxb6 Qe6 19. d4 d5 20. Qa8+ Ke7 21. cxd5 cxd5 22. Nxd5+ Kd6 23. Bf4+ Qe5 24. dxe5+ Ke6 25. Qa6+ Kxd5 26. 0-0-0+ Ke4 27. Qc4# 1-0

[Event "LSS No Engine Cup 89 Preliminary 7"]
[Site "LSS email"]
[Date "2013.06.14"]
[Round "?"]
[White "Kalinin, Aleksej"]
[Black "Dzulynski, Marek"]
[Result "0-1"]
[WhiteElo "697"]
[BlackElo "1426"]
[PlyCount "82"]
[EventDate "2013.06.15"]
[EventType "tourn (corr)"]
[EventRounds "6"]
[EventCountry "GER"]
[SourceTitle "Telechess CBM 163"]
[Source "ChessBase"]
[SourceDate "2014.11.11"]
[SourceVersion "2"]
[SourceVersionDate "2014.11.11"]
[SourceQuality "1"]

1. e4 c5 2. c4 Nc6 3. Nf3 g6 4. d4 cxd4 5. Nxd4 Nf6 6. Nxc6 dxc6 7. Qxd8+ Kxd8 8. Bd3 Ng4 9. h3 Ne5 10. Be2 Bg7 11. Nd2 Kc7 12. 0-0 Rd8 13. a4 Be6 14. b3 Nxc4 15. Nxc4 Bxc4 16. Bxc4 Bxa1 17. Bf4+ e5 18. Bg5 f6 19. Bxf6 Rd6 20. Be7 Rd7 21. Bg5 Bd4 22. Be6 Rd6 23. Bg4 h5 24. Be2 a6 25. Kh1 Bc3 26. f4 Rd4 27. fxe5 Re8 28. Rf7+ Kc8 29. Bf3 Rb4 30. Be3 Rxb3 31. Ba7 Bxe5 32. Bg1 Rb1 33. g4 Bd4 34. gxh5 Rxg1+ 35. Kh2 gxh5 36. Bxh5 Rxe4 37. Rf8+ Kd7 38. Bf3 Ree1 39. h4 Be5+ 40. Kh3 Rg3+ 41. Kh2 Rxf3+ 0-1

[Event "LSS No Engine Cup 89 Preliminary 7"]
[Site "LSS email"]
[Date "2013.06.14"]
[Round "?"]
[White "Zmolil, Karel"]
[Black "Dzulynski, Marek"]
[Result "1/2-1/2"]
[WhiteElo "1285"]
[BlackElo "1426"]
[PlyCount "23"]
[EventDate "2013.06.15"]
[EventType "tourn (corr)"]
[EventRounds "6"]
[EventCountry "GER"]
[SourceTitle "Corr 2015"]
[Source "ChessBase"]
[SourceDate "2015.07.17"]
[SourceVersion "1"]
[SourceVersionDate "2015.07.17"]
[SourceQuality "1"]

1. e4 Nc6 2. Bc4 e6 3. d4 d5 4. exd5 exd5 5. Bb5 Bb4+ 6. c3 Bd6 7. Qf3 Nf6 8. Bg5 0-0 9. Bxf6 Qxf6 10. Qxf6 gxf6 11. Ne2 Re8 12. 0-0 1/2-1/2

[Event "LSS No Engine Cup 88 Preliminary 0"]
[Site "LSS email"]
[Date "2013.05.25"]
[Round "?"]
[White "Dzulynski, Marek"]
[Black "Owens, Johnny"]
[Result "0-1"]
[WhiteElo "1748"]
[BlackElo "2079"]
[PlyCount "40"]
[EventDate "2013.05.26"]
[EventType "tourn (corr)"]
[EventRounds "6"]
[EventCountry "GER"]
[SourceTitle "Corr 2022"]
[Source "ChessBase"]
[SourceDate "2021.10.24"]
[SourceVersion "1"]
[SourceVersionDate "2021.10.24"]
[SourceQuality "1"]

1. d4 e6 2. c4 Nf6 3. g3 d5 4. Bg2 Bb4+ 5. Bd2 a5 6. Nf3 dxc4 7. Qc2 Nc6 8. Qxc4 Qd5 9. Qxd5 exd5 10. Nc3 Bf5 11. 0-0 a4 12. Nb5 Ra5 13. Nxc7+ Kd7 14. Bxb4 Nxb4 15. Nh4 Be4 16. f3 Bg6 17. Rac1 Nc6 18. Nxd5 Rxd5 19. e3 Re8 20. Bh3+ Kd6 0-1

[Event "LSS No Engine Cup 87 Preliminary 0"]
[Site "LSS email"]
[Date "2013.05.06"]
[Round "?"]
[White "Dzulynski, Marek"]
[Black "Pech, Matej"]
[Result "0-1"]
[WhiteElo "1758"]
[BlackElo "1600"]
[PlyCount "64"]
[EventDate "2013.05.07"]
[EventType "tourn (corr)"]
[EventRounds "6"]
[EventCountry "GER"]
[SourceTitle "Corr 2022"]
[Source "ChessBase"]
[SourceDate "2021.10.24"]
[SourceVersion "1"]
[SourceVersionDate "2021.10.24"]
[SourceQuality "1"]

1. e4 c5 2. Nf3 d6 3. d4 cxd4 4. Nxd4 Nf6 5. Nc3 a6 6. g3 e5 7. Nb3 Be7 8. Bg2 0-0 9. 0-0 Be6 10. a4 Nbd7 11. a5 Rc8 12. Be3 Qc7 13. Re1 Ng4 14. Bc1 Rfe8 15. h3 Ngf6 16. Be3 Nf8 17. Re2 h6 18. Rd2 Qb8 19. Qf3 N8d7 20. Nd5 Bd8 21. Ra4 b5 22. axb6 Bxd5 23. exd5 Nxb6 24. Bxb6 Bxb6 25. Qd3 a5 26. Bf3 Qc7 27. Qf5 Qd8 28. Re2 e4 29. Bxe4 Re5 30. Qf4 Qe8 31. Nc1 Nh5 32. Qxe5 dxe5 0-1

[Event "LSS No Engine Cup 87 Preliminary 0"]
[Site "LSS email"]
[Date "2013.05.06"]
[Round "?"]
[White "Roggensack, Hans Peter"]
[Black "Dzulynski, Marek"]
[Result "0-1"]
[WhiteElo "1600"]
[BlackElo "1758"]
[PlyCount "38"]
[EventDate "2013.05.07"]
[EventType "tourn (corr)"]
[EventRounds "6"]
[EventCountry "GER"]
[SourceTitle "Corr 2022"]
[Source "ChessBase"]
[SourceDate "2021.10.24"]
[SourceVersion "1"]
[SourceVersionDate "2021.10.24"]
[SourceQuality "1"]

1. e4 Nc6 2. d4 d5 3. Nc3 dxe4 4. d5 Ne5 5. Bf4 Ng6 6. Bg3 f5 7. Nh3 a6 8. Bc4 b5 9. Bb3 Bd7 10. Qe2 b4 11. Na4 h5 12. 0-0-0 h4 13. Nf4 Bb5 14. Qe3 Nxf4 15. Bxf4 Nh6 16. h3 Nf7 17. Nc5 g5 18. Bxg5 Nxg5 19. Qxg5 Bh6 0-1